000
002260000a22000970004500
100
1
_a
Salem, Luis D.
245
1
0
_a
Los genios
300
_a
Vol. 1, Núm 57 (1999), Páginas 16-17
773
0
_t
Impacto Presbiteriano
942
_c
ANA
999
_c
51111
_d
51111